[Event "Europa ch s-14"]
[Site "Herceg Novi MNT"]
[Date "2008.09.23"]
[Round "8.19"]
[White "Sanchez Ibern, Marc"]
[Black "Gabuzyan, Hovhannes"]
[Result "1/2-1/2"]
[WhiteElo "2161"]
[BlackElo "2079"]
[PlyCount "70"]
[EventDate "2008.09.15"]
[EventType "swiss"]
[EventRounds "9"]
[Source "lmi"]
[SourceDate "2008.09.15"]

1. e4 c5 2. Nf3 d6 3. d4 cxd4 4. Qxd4 a6 5. c4 Nc6 6. Qd2 g6 7. Nc3 Bg7 8. b3
Nf6 9. Bb2 O-O 10. Be2 Rb8 11. O-O Bg4 12. Ne1 Bxe2 13. Qxe2 b5 14. cxb5 Nd4
15. Qd3 Nxb5 16. Nxb5 Rxb5 17. Nc2 Qa8 18. f3 Rh5 19. Bd4 Nd7 20. Bxg7 Kxg7 21.
Qd4+ Kg8 22. Ne3 Nf6 23. b4 Qb8 24. g3 Rb5 25. a3 a5 26. bxa5 Rxa5 27. Rfb1 Qa8
28. a4 Qa6 29. Qb6 Qxb6 30. Rxb6 Rd8 31. Rb4 d5 32. exd5 Nxd5 33. Nxd5 Rdxd5
34. Ra2 Kg7 35. Kg2 Ra6 1/2-1/2

[Event "Europa ch s-14"]
[Site "Herceg Novi MNT"]
[Date "2008.09.23"]
[Round "8.20"]
[White "Hager, Joshua Aarash"]
[Black "Musialkiewicz, Jan"]
[Result "1-0"]
[WhiteElo "2128"]
[BlackElo "2061"]
[PlyCount "57"]
[EventDate "2008.09.15"]
[EventType "swiss"]
[EventRounds "9"]
[Source "lmi"]
[SourceDate "2008.09.15"]

1. e4 c5 2. Nf3 e6 3. d4 cxd4 4. Nxd4 Nc6 5. Nc3 Qc7 6. Be3 Nf6 7. f4 Bb4 8.
Ndb5 Qa5 9. e5 Nd5 10. Bd2 Nxc3 11. Nxc3 Qb6 12. Qg4 O-O 13. O-O-O Qd4 14. Qg3
Bxc3 15. Bxc3 Qa4 16. f5 exf5 17. e6 f6 18. exd7 Qxa2 19. Qf4 Kh8 20. Qc4 Qa1+
21. Kd2 Qxd1+ 22. Kxd1 Bxd7 23. Bd3 Rac8 24. Qf4 Rfd8 25. Kc1 Ne7 26. Qd6 Ng6
27. Bxf6 gxf6 28. Qxf6+ Kg8 29. Bc4+ 1-0

[Event "Europa ch s-14"]
[Site "Herceg Novi MNT"]
[Date "2008.09.23"]
[Round "8.22"]
[White "Ben Artzi, Ido"]
[Black "Havas, Janko"]
[Result "1-0"]
[WhiteElo "2101"]
[BlackElo "1930"]
[PlyCount "81"]
[EventDate "2008.09.15"]
[EventType "swiss"]
[EventRounds "9"]
[Source "lmi"]
[SourceDate "2008.09.15"]

1. d4 Nf6 2. Nf3 g6 3. g3 Bg7 4. Bg2 O-O 5. O-O d6 6. Nc3 Nbd7 7. e4 c6 8. a4
Qc7 9. h3 e5 10. Be3 exd4 11. Nxd4 Re8 12. Re1 Nc5 13. Bf4 Nh5 14. Be3 Nf6 15.
Bf4 Nh5 16. Be3 Nf6 17. Bf4 Nh5 18. Ndb5 cxb5 19. Bxd6 Qa5 20. Bxc5 b4 21. Nb5
a6 22. Qd3 axb5 23. axb5 Qxa1 24. Rxa1 Rxa1+ 25. Kh2 Bxb2 26. Bxb4 Be5 27. b6
Ng7 28. f4 Bb8 29. Bc3 Ra3 30. Qd4 Rxc3 31. Qxc3 h5 32. h4 Ne6 33. e5 Nf8 34.
Bd5 Ne6 35. Qf3 Nc5 36. Qe3 Ne6 37. c4 Nd8 38. c5 Bd7 39. Qe4 Nc6 40. Qxg6+ Kh8
41. Bxf7 1-0

[Event "Europa ch s-14"]
[Site "Herceg Novi MNT"]
[Date "2008.09.23"]
[Round "8.24"]
[White "Ostovic, Matija"]
[Black "Vasilov, Artur"]
[Result "0-1"]
[WhiteElo "1976"]
[BlackElo "2187"]
[PlyCount "78"]
[EventDate "2008.09.15"]
[EventType "swiss"]
[EventRounds "9"]
[Source "lmi"]
[SourceDate "2008.09.15"]

1. Nf3 Nf6 2. c4 c5 3. Nc3 e6 4. g3 b6 5. Bg2 Bb7 6. O-O Be7 7. Re1 Ne4 8. Nxe4
Bxe4 9. d4 O-O 10. d5 exd5 11. cxd5 d6 12. Nd2 Bxg2 13. Kxg2 Nd7 14. e4 b5 15.
f4 c4 16. Nf3 Nc5 17. Nd4 Nd3 18. Re2 Qd7 19. Rb1 Bf6 20. Nf3 Rfe8 21. Ne1 Nc5
22. Qc2 Qb7 23. Nf3 Nd3 24. Bd2 Re7 25. Bc3 Bxc3 26. Qxc3 Rae8 27. Qd4 Qb6 28.
Qxb6 axb6 29. e5 dxe5 30. fxe5 Rd7 31. d6 Rxd6 32. exd6 Rxe2+ 33. Kf1 Re6 34.
Nd4 Rxd6 35. Nxb5 Rd5 36. a4 Rf5+ 37. Kg1 Kf8 38. b3 Rxb5 39. axb5 c3 0-1

[Event "Europa ch s-14"]
[Site "Herceg Novi MNT"]
[Date "2008.09.23"]
[Round "8.25"]
[White "Rindlisbacher, Jan"]
[Black "Dimitrijevic, Radmilo"]
[Result "0-1"]
[WhiteElo "1999"]
[BlackElo "2186"]
[PlyCount "55"]
[EventDate "2008.09.15"]
[EventType "swiss"]
[EventRounds "9"]
[Source "lmi"]
[SourceDate "2008.09.15"]

1. d4 d5 2. c4 e6 3. Nc3 Nf6 4. cxd5 exd5 5. Bg5 c6 6. e3 Be7 7. Qc2 Nbd7 8.
Bd3 O-O 9. Nge2 Re8 10. O-O Nf8 11. f3 c5 12. Rae1 h6 13. Bh4 c4 14. Bf5 Bxf5
15. Qxf5 Qd7 16. Qc2 Ng4 17. Bf2 Nxf2 18. Kxf2 Bh4+ 19. Ng3 Bg5 20. e4 dxe4 21.
fxe4 Rad8 22. Kg1 b5 23. Rf3 Ne6 24. Rd1 Be7 25. Nd5 Ng5 26. Rf5 Bf8 27. Re5
Rxe5 28. dxe5 0-1

[Event "Europa ch s-14"]
[Site "Herceg Novi MNT"]
[Date "2008.09.23"]
[Round "8.28"]
[White "Schreiner, Till"]
[Black "Admiraal, Miguoel"]
[Result "0-1"]
[WhiteElo "2041"]
[BlackElo "1944"]
[PlyCount "86"]
[EventDate "2008.09.15"]
[EventType "swiss"]
[EventRounds "9"]
[Source "lmi"]
[SourceDate "2008.09.15"]

1. d4 d5 2. c4 c6 3. Nc3 Nf6 4. Nf3 dxc4 5. a4 Bf5 6. e3 e6 7. Bxc4 Bb4 8. O-O
O-O 9. Qe2 Nbd7 10. e4 Bg6 11. e5 Nd5 12. Nxd5 cxd5 13. Bd3 Bh5 14. Qe3 Be7 15.
Ne1 Bg6 16. f4 Nb8 17. g4 Bxd3 18. Qxd3 f5 19. exf6 Bxf6 20. g5 Be7 21. Nf3 Nc6
22. Bd2 Bd6 23. Rae1 Bxf4 24. Rxe6 Qd7 25. Rfe1 Bxd2 26. Nxd2 Rf4 27. Nb3 Raf8
28. g6 hxg6 29. Qxg6 Qf7 30. Qxf7+ R8xf7 31. Rd1 Rg4+ 32. Kh1 Rf2 33. Rg1 Rxg1+
34. Kxg1 Rxb2 35. Re3 Ra2 36. Nc5 b6 37. Ne6 Rxa4 38. Ng5 g6 39. Re6 Nxd4 40.
Rxg6+ Kf8 41. h4 Ke7 42. h5 Nf5 43. h6 Nxh6 0-1

[Event "Europa ch s-14"]
[Site "Herceg Novi MNT"]
[Date "2008.09.23"]
[Round "8.30"]
[White "Dicu, Razvan-Stefan"]
[Black "Malamatas, Konstantinos"]
[Result "1/2-1/2"]
[WhiteElo "2023"]
[BlackElo "1897"]
[PlyCount "70"]
[EventDate "2008.09.15"]
[EventType "swiss"]
[EventRounds "9"]
[Source "lmi"]
[SourceDate "2008.09.15"]

1. e4 c5 2. c3 Nf6 3. e5 Nd5 4. d4 cxd4 5. cxd4 d6 6. Nf3 Nc6 7. Bc4 Nb6 8. Bb5
dxe5 9. Nxe5 Bd7 10. Nxd7 Qxd7 11. Nc3 e6 12. O-O Be7 13. Qg4 O-O 14. Bxc6 bxc6
15. Bh6 Bf6 16. Rad1 Kh8 17. Ne4 Qe7 18. Bf4 Rfd8 19. Qh5 Rd5 20. Be5 Bxe5 21.
dxe5 f6 22. exf6 gxf6 23. Qh4 Rxd1 24. Rxd1 Nd5 25. Qg3 Rg8 26. Qd6 Qxd6 27.
Nxd6 Rb8 28. b3 Kg7 29. f3 Rd8 30. Nb7 Rb8 31. Na5 Rb6 32. Rc1 Ra6 33. Rc5 Kf7
34. a4 Ke7 35. Nc4 e5 1/2-1/2

[Event "Europa ch s-14"]
[Site "Herceg Novi MNT"]
[Date "2008.09.23"]
[Round "8.31"]
[White "Andreev, Sasho"]
[Black "Komut, Kaan"]
[Result "0-1"]
[WhiteElo "2021"]
[BlackElo "1813"]
[PlyCount "70"]
[EventDate "2008.09.15"]
[EventType "swiss"]
[EventRounds "9"]
[Source "lmi"]
[SourceDate "2008.09.15"]

1. d4 d5 2. Nf3 Nf6 3. c4 c6 4. Nc3 e6 5. Bg5 Nbd7 6. e3 Qa5 7. Nd2 Bb4 8. Qc2
O-O 9. Bf4 e5 10. dxe5 Ne4 11. Ndxe4 dxe4 12. e6 fxe6 13. Be2 e5 14. Bg3 Bxc3+
15. bxc3 Nf6 16. O-O Be6 17. Qb2 Qc7 18. c5 Nd7 19. c4 Rf7 20. Rad1 Nxc5 21.
Bxe5 Qb6 22. Qc2 Qa6 23. Rd6 Bf5 24. Bh5 Re7 25. Ba1 Nd3 26. Qc3 Rf8 27. f3 Qb6
28. Rd4 c5 29. Rd5 Qh6 30. Qd2 Be6 31. fxe4 Rxf1+ 32. Kxf1 Bxd5 33. cxd5 Qxh5
34. d6 Rf7+ 35. Kg1 c4 0-1

[Event "Europa ch s-14"]
[Site "Herceg Novi MNT"]
[Date "2008.09.23"]
[Round "8.33"]
[White "Bulatovic, Nikola"]
[Black "Havas, Juraj"]
[Result "1-0"]
[WhiteElo "2089"]
[BlackElo "1926"]
[PlyCount "102"]
[EventDate "2008.09.15"]
[EventType "swiss"]
[EventRounds "9"]
[Source "lmi"]
[SourceDate "2008.09.15"]

1. e4 c5 2. Nf3 Nc6 3. d4 cxd4 4. Nxd4 Nf6 5. Nc3 e5 6. Ndb5 d6 7. Bg5 a6 8.
Na3 b5 9. Nd5 Be7 10. Bxf6 Bxf6 11. c3 Bg5 12. Nc2 Ne7 13. Nce3 Bxe3 14. Nxe3
Bb7 15. Qg4 O-O 16. Bd3 g6 17. O-O d5 18. exd5 f5 19. Qe2 Nxd5 20. Nxd5 Qxd5
21. f3 Rac8 22. Rfd1 Rfe8 23. Kh1 Qc5 24. Rf1 Re7 25. a4 Rd8 26. axb5 e4 27.
Bc4+ Kg7 28. f4 axb5 29. Bxb5 e3 30. Bd3 Bxg2+ 31. Kxg2 Qd5+ 32. Kg3 Qxd3 33.
Qxd3 Rxd3 34. Rfe1 Rb7 35. Rab1 Kf6 36. Kf3 Rd2 37. Re2 Rxe2 38. Kxe2 Re7 39.
h4 h6 40. Kf3 g5 41. hxg5+ hxg5 42. fxg5+ Kxg5 43. Rg1+ Kh4 44. Kf4 Kh3 45. Kf3
Kh4 46. b4 Rc7 47. Rc1 f4 48. Kxf4 Kh5 49. Kxe3 Kg6 50. Kd4 Kf6 51. Re1 Re7 1-0

[Event "Europa ch s-14"]
[Site "Herceg Novi MNT"]
[Date "2008.09.23"]
[Round "8.35"]
[White "Aperia, Jakob"]
[Black "Hobber, Anders"]
[Result "1/2-1/2"]
[WhiteElo "1893"]
[BlackElo "2012"]
[PlyCount "27"]
[EventDate "2008.09.15"]
[EventType "swiss"]
[EventRounds "9"]
[Source "lmi"]
[SourceDate "2008.09.15"]

1. c4 e6 2. g3 d5 3. Bg2 dxc4 4. Qa4+ Nd7 5. Qxc4 Ngf6 6. Nf3 c5 7. O-O b6 8.
Nd4 Ne5 9. Nc6 Nxc4 10. Nxd8 Nd5 11. Nc3 Kxd8 12. Nxd5 Bb7 13. Nc3 Bxg2 14.
Kxg2 1/2-1/2

[Event "Europa ch s-14"]
[Site "Herceg Novi MNT"]
[Date "2008.09.23"]
[Round "8.36"]
[White "Wertjanz, David"]
[Black "Hiti, Domen"]
[Result "1/2-1/2"]
[WhiteElo "2010"]
[BlackElo "1804"]
[PlyCount "110"]
[EventDate "2008.09.15"]
[EventType "swiss"]
[EventRounds "9"]
[Source "lmi"]
[SourceDate "2008.09.15"]

1. e4 e6 2. d4 d5 3. Nd2 Nf6 4. e5 Nfd7 5. Bd3 c5 6. c3 Nc6 7. Ne2 cxd4 8. cxd4
f6 9. exf6 Nxf6 10. O-O Bd6 11. Nf3 O-O 12. Bf4 a6 13. Rc1 Bxf4 14. Nxf4 Qd6
15. g3 Bd7 16. Re1 Rac8 17. Bb1 Rfe8 18. Ne5 Na7 19. Rxc8 Nxc8 20. Nxd7 Qxd7
21. Qe2 Nd6 22. Nxe6 Nde4 23. Bxe4 dxe4 24. Nc5 Qxd4 25. Nb3 Qb6 26. Qc4+ Qe6
27. Qxe6+ Rxe6 28. Nc5 Rb6 29. b3 Rb4 30. a3 Rb5 31. b4 a5 32. Nxe4 axb4 33.
Nxf6+ gxf6 34. axb4 Rxb4 35. Re7 b5 36. Rb7 Rb1+ 37. Kg2 b4 38. g4 b3 39. h4 h6
40. h5 b2 41. Kf3 f5 42. gxf5 Rh1 43. Rxb2 Rxh5 44. Ke4 Rh4+ 45. f4 Rh1 46. Ke5
Ra1 47. Rb6 Kf7 48. Rb7+ Kf8 49. f6 Re1+ 50. Kf5 h5 51. Rh7 Rh1 52. Kg5 Rg1+
53. Kf5 Rh1 54. Ke4 Re1+ 55. Kf5 Rh1 1/2-1/2

[Event "Europa ch s-14"]
[Site "Herceg Novi MNT"]
[Date "2008.09.23"]
[Round "8.38"]
[White "Jovancevic, Jovan"]
[Black "Blazeka, Matej"]
[Result "0-1"]
[WhiteElo "1951"]
[BlackElo "1970"]
[PlyCount "42"]
[EventDate "2008.09.15"]
[EventType "swiss"]
[EventRounds "9"]
[Source "lmi"]
[SourceDate "2008.09.15"]

1. d4 Nf6 2. c4 g6 3. Nc3 Bg7 4. e4 d6 5. Nf3 O-O 6. Be2 e5 7. O-O Nc6 8. dxe5
Nxe5 9. Nxe5 dxe5 10. Bg5 c6 11. Qxd8 Rxd8 12. f4 Re8 13. Bxf6 Bxf6 14. Rad1
exf4 15. Rxf4 Be5 16. Rff1 Bxc3 17. bxc3 Be6 18. Bd3 Rad8 19. h3 Rd7 20. Kf2
Red8 21. Bc2 Bxc4 0-1

[Event "Europa ch s-14"]
[Site "Herceg Novi MNT"]
[Date "2008.09.24"]
[Round "9.2"]
[White "Seegert, Kristian"]
[Black "Bukavshin, Ivan"]
[Result "0-1"]
[WhiteElo "2024"]
[BlackElo "2350"]
[PlyCount "118"]
[EventDate "2008.09.15"]
[EventType "swiss"]
[EventRounds "9"]
[Source "lmi"]
[SourceDate "2008.09.15"]

1. e4 c5 2. b3 e6 3. Bb2 Nc6 4. Bb5 Nd4 5. Bd3 a6 6. a4 d6 7. Ne2 Nc6 8. Ng3
Nf6 9. O-O Be7 10. f4 d5 11. Bxf6 Bxf6 12. e5 Be7 13. c3 g6 14. Bc2 f6 15. Qe2
fxe5 16. fxe5 Qc7 17. Re1 O-O 18. Na3 Bg5 19. Rad1 Bf4 20. d4 cxd4 21. cxd4 Qb6
22. Kh1 Nxd4 23. Qg4 Nxc2 24. Nxc2 Qc7 25. Nd4 Bxe5 26. Nxe6 Qd6 27. Qg5 Bxg3
28. Qxg3 Qxg3 29. hxg3 Bxe6 30. Rxe6 Rad8 31. Re5 Rf5 32. Rxf5 gxf5 33. Rf1 d4
34. Rxf5 d3 35. Rf1 Rc8 36. Rd1 Rc3 37. b4 Ra3 38. a5 Rb3 39. Kg1 Kf7 40. Kf2
Ke6 41. Ke3 Rxb4 42. Kxd3 Rb5 43. Ra1 Kf5 44. Ra3 Kg4 45. Kc4 h5 46. Kd4 Rb2
47. Kc5 Rxg2 48. Kb6 Rb2+ 49. Kc7 Rb5 50. Kd6 Rg5 51. Kc7 Rg7+ 52. Kb6 Kh3 53.
Ka7 Rxg3 54. Rxg3+ Kxg3 55. Kxb7 h4 56. Kxa6 h3 57. Ka7 h2 58. a6 h1=Q 59. Kb8
Qb1+ 0-1

[Event "Europa ch s-14"]
[Site "Herceg Novi MNT"]
[Date "2008.09.24"]
[Round "9.3"]
[White "Fedoseev, Vladimir"]
[Black "Sochacki, Christophe"]
[Result "0-1"]
[WhiteElo "2321"]
[BlackElo "2221"]
[PlyCount "26"]
[EventDate "2008.09.15"]
[EventType "swiss"]
[EventRounds "9"]
[Source "lmi"]
[SourceDate "2008.09.15"]

1. e4 e6 2. d4 d5 3. exd5 exd5 4. Nf3 Bd6 5. c4 Nf6 6. Nc3 O-O 7. Bg5 Re8+ 8.
Be2 dxc4 9. O-O h6 10. Be3 Be6 11. Nd2 Nd5 12. Bxc4 Nb6 13. Bxe6 Rxe6 0-1

[Event "Europa ch s-14"]
[Site "Herceg Novi MNT"]
[Date "2008.09.24"]
[Round "9.4"]
[White "Bajarani, Ulvi"]
[Black "Dragun, Kamil"]
[Result "0-1"]
[WhiteElo "2202"]
[BlackElo "2240"]
[PlyCount "60"]
[EventDate "2008.09.15"]
[EventType "swiss"]
[EventRounds "9"]
[Source "lmi"]
[SourceDate "2008.09.15"]

1. e4 c5 2. Nf3 d6 3. d4 cxd4 4. Nxd4 Nf6 5. Nc3 Nc6 6. Be2 g6 7. O-O Bg7 8.
Nb3 O-O 9. Re1 a6 10. Bf1 b5 11. Nd5 e6 12. Nxf6+ Bxf6 13. c3 Qe7 14. a4 b4 15.
cxb4 Nxb4 16. Bf4 Rd8 17. Qd2 Rb8 18. Bc4 e5 19. Be3 Be6 20. Bxe6 Qxe6 21. Ra3
Qc4 22. Ba7 Nc2 23. Bxb8 Nxe1 24. Qxe1 Rxb8 25. Na5 Qc2 26. b4 Rxb4 27. Ra1
Rxe4 28. Qf1 Rxa4 29. Rc1 Qa2 30. Nc4 Bg5 0-1

[Event "Europa ch s-14"]
[Site "Herceg Novi MNT"]
[Date "2008.09.24"]
[Round "9.5"]
[White "Feher, Adam"]
[Black "Lagarde, Maxime"]
[Result "0-1"]
[WhiteElo "2160"]
[BlackElo "2322"]
[PlyCount "108"]
[EventDate "2008.09.15"]
[EventType "swiss"]
[EventRounds "9"]
[Source "lmi"]
[SourceDate "2008.09.15"]

1. e4 c5 2. Nf3 d6 3. d4 cxd4 4. Nxd4 Nf6 5. Nc3 Nc6 6. Bg5 e6 7. Qd2 a6 8.
O-O-O Nxd4 9. Qxd4 Be7 10. f4 O-O 11. e5 dxe5 12. Qxd8 Rxd8 13. Rxd8+ Bxd8 14.
fxe5 h6 15. Bh4 g5 16. exf6 gxh4 17. Ne4 Bd7 18. Bd3 Bc6 19. Rf1 Bc7 20. g3 Rd8
21. gxh4 Bxh2 22. Rh1 Bf4+ 23. Kb1 Be5 24. Rg1+ Kh8 25. a3 Bxe4 26. Bxe4 Bxf6
27. b4 b6 28. h5 Bg5 29. Bd3 a5 30. Ka2 axb4 31. axb4 Rd4 32. Rf1 Kg7 33. Kb3
Be7 34. Rg1+ Kf8 35. b5 Rb4+ 36. Kc3 Rh4 37. Be2 Bc5 38. Rf1 Ke7 39. Rf3 Bd6
40. Rf1 Be5+ 41. Kd2 f5 42. Rg1 Rh3 43. c4 f4 44. Rf1 Bd4 45. Bf3 Kd6 46. Kd3
Ke5 47. Re1+ Be3 48. Rf1 Rg3 49. Bc6 Bc5+ 50. Bf3 Kf5 51. Ke2 e5 52. Rd1 e4 53.
Rd5+ Ke6 54. Bh1 f3+ 0-1

[Event "Europa ch s-14"]
[Site "Herceg Novi MNT"]
[Date "2008.09.24"]
[Round "9.7"]
[White "Baboyan, Eduard"]
[Black "Moiseenko, Vadim"]
[Result "1-0"]
[WhiteElo "2125"]
[BlackElo "2225"]
[PlyCount "79"]
[EventDate "2008.09.15"]
[EventType "swiss"]
[EventRounds "9"]
[Source "lmi"]
[SourceDate "2008.09.15"]

1. d4 d5 2. c4 c6 3. Nf3 Nf6 4. e3 e6 5. Nc3 Nbd7 6. Qc2 Bd6 7. Bd3 dxc4 8.
Bxc4 O-O 9. O-O b5 10. Bd3 Bb7 11. Rd1 Qe7 12. e4 e5 13. Be3 Rfe8 14. dxe5 Nxe5
15. Nxe5 Bxe5 16. f3 a6 17. a4 Rac8 18. Rac1 Nh5 19. Ne2 Qf6 20. Rd2 Red8 21.
Rcd1 Rd7 22. b4 g6 23. Bb6 Nf4 24. g3 Ne6 25. f4 Bd4+ 26. Nxd4 Nxd4 27. Qb2
Nf3+ 28. Kf2 Nxh2 29. Be2 Rxd2 30. Qxd2 c5 31. Bxc5 Bxe4 32. Qd4 Qf5 33. Qd7
Bc6 34. Qe7 Kg7 35. Bd4+ Kg8 36. Bc5 Kg7 37. Rd6 Qe4 38. Bd4+ Kg8 39. Qf6 Ng4+
40. Bxg4 1-0

[Event "Europa ch s-14"]
[Site "Herceg Novi MNT"]
[Date "2008.09.24"]
[Round "9.8"]
[White "Straka, Josef Jr"]
[Black "Mokhov, Vladimir"]
[Result "1/2-1/2"]
[WhiteElo "2122"]
[BlackElo "2201"]
[PlyCount "115"]
[EventDate "2008.09.15"]
[EventType "swiss"]
[EventRounds "9"]
[Source "lmi"]
[SourceDate "2008.09.15"]

1. d4 e6 2. e4 d5 3. Nd2 Nf6 4. e5 Ne4 5. Nxe4 dxe4 6. Bc4 a6 7. a4 b6 8. Ne2
Bb7 9. Be3 c5 10. dxc5 Qxd1+ 11. Rxd1 bxc5 12. Ng3 Nd7 13. Bf4 Be7 14. Nh5 Rg8
15. Ke2 g6 16. Nf6+ Nxf6 17. exf6 Bxf6 18. c3 g5 19. Bg3 Be7 20. Bc7 Rg6 21.
Rd2 f5 22. Rhd1 Bc6 23. a5 f4 24. g3 f3+ 25. Ke3 g4 26. Bf4 Kf7 27. Bb3 c4 28.
Bxc4 Bc5+ 29. Rd4 Kf6 30. Bd6 Bxd4+ 31. Rxd4 Rg5 32. b4 Bd5 33. Bf1 Bc6 34. Bc4
Rh5 35. Bc5 Bd5 36. Bf1 Rxh2 37. c4 Rh1 38. cxd5 Rxf1 39. Rxe4 Re1+ 40. Kd3
Rxe4 41. Kxe4 exd5+ 42. Kxd5 h5 43. Kc6 Rc8+ 44. Kb7 Rxc5 45. bxc5 h4 46. gxh4
g3 47. fxg3 f2 48. c6 f1=Q 49. c7 Qb1+ 50. Ka7 Qc2 51. Kb7 Qb3+ 52. Ka7 Qc4 53.
Kb7 Qb4+ 54. Ka7 Qc3 55. Kb7 Qb4+ 56. Ka7 Qe7 57. Kb8 Qd6 58. Kb7 1/2-1/2

[Event "Europa ch s-14"]
[Site "Herceg Novi MNT"]
[Date "2008.09.24"]
[Round "9.9"]
[White "Tilicheev, Viacheslav"]
[Black "De Filomeno, Simone"]
[Result "1-0"]
[WhiteElo "2189"]
[BlackElo "2102"]
[PlyCount "70"]
[EventDate "2008.09.15"]
[EventType "swiss"]
[EventRounds "9"]
[Source "lmi"]
[SourceDate "2008.09.15"]

1. e4 c5 2. Nf3 Nc6 3. d4 cxd4 4. Nxd4 g6 5. c4 Nf6 6. Nc3 Nxd4 7. Qxd4 d6 8.
Bg5 Bg7 9. Qd2 O-O 10. Bd3 Be6 11. Rc1 Qa5 12. Nd5 Qxa2 13. Nxe7+ Kh8 14. O-O
Ng8 15. Nxg8 Rxg8 16. b4 Qxd2 17. Bxd2 Rgc8 18. f4 Bd4+ 19. Kh1 f6 20. h3 Rc7
21. f5 gxf5 22. exf5 Bf7 23. Bf4 Be5 24. Bxe5 fxe5 25. f6 Rac8 26. Bf5 Rd8 27.
Be4 Rxc4 28. Bxb7 Rxb4 29. Rc7 Kg8 30. Rf5 Rd4 31. Rg5+ Bg6 32. g3 Rf8 33. h4
Kh8 34. h5 Bd3 35. f7 h6 1-0

[Event "Europa ch s-14"]
[Site "Herceg Novi MNT"]
[Date "2008.09.24"]
[Round "9.10"]
[White "Andersen, Mads"]
[Black "Danilenko, Dmitriy"]
[Result "0-1"]
[WhiteElo "2092"]
[BlackElo "2209"]
[PlyCount "74"]
[EventDate "2008.09.15"]
[EventType "swiss"]
[EventRounds "9"]
[Source "lmi"]
[SourceDate "2008.09.15"]

1. e4 c5 2. Nf3 d6 3. d4 cxd4 4. Nxd4 Nf6 5. Nc3 g6 6. Be3 Bg7 7. f3 Nc6 8. Qd2
O-O 9. O-O-O Nxd4 10. Bxd4 Be6 11. Kb1 Qc7 12. h4 Rfc8 13. h5 Qa5 14. hxg6 hxg6
15. a3 Rab8 16. Bd3 a6 17. Rh4 b5 18. Qg5 Qd8 19. e5 Nh7 20. Qg3 b4 21. axb4
Rxb4 22. Rdh1 Rxd4 23. Rxd4 Bxe5 24. Qh4 Nf8 25. Nd5 Bxd5 26. Rxd5 Bf6 27. Qa4
Rb8 28. b3 Nd7 29. Qa5 Nb6 30. Rg5 d5 31. Qd2 e6 32. Rg4 Bg7 33. Qg5 Qc7 34.
Bxg6 fxg6 35. Qxg6 Qe5 36. Kc1 Rc8 37. Rh7 Qe1# 0-1

[Event "Europa ch s-14"]
[Site "Herceg Novi MNT"]
[Date "2008.09.24"]
[Round "9.11"]
[White "Pardo Simon, David"]
[Black "Ben Artzi, Ido"]
[Result "1-0"]
[WhiteElo "2204"]
[BlackElo "2101"]
[PlyCount "45"]
[EventDate "2008.09.15"]
[EventType "swiss"]
[EventRounds "9"]
[Source "lmi"]
[SourceDate "2008.09.15"]

1. e4 d6 2. d4 Nf6 3. Nc3 g6 4. f3 c6 5. Be3 b5 6. Qd2 Nbd7 7. O-O-O Qa5 8. Kb1
Nb6 9. a3 Bg7 10. d5 Nc4 11. Bxc4 bxc4 12. dxc6 Rb8 13. Ka2 O-O 14. Bd4 Be6 15.
Nge2 Rfc8 16. Nd5 Qxd2 17. Rxd2 Nxd5 18. exd5 Bh6 19. Rdd1 Bxd5 20. Bxa7 Ra8
21. Rxd5 Rxa7 22. Nd4 Bg7 23. Nb5 1-0

[Event "Europa ch s-14"]
[Site "Herceg Novi MNT"]
[Date "2008.09.24"]
[Round "9.13"]
[White "Nikologorskiy, Konstantin"]
[Black "Horvat, Dan-Sebastian"]
[Result "1/2-1/2"]
[WhiteElo "2174"]
[BlackElo "2096"]
[PlyCount "66"]
[EventDate "2008.09.15"]
[EventType "swiss"]
[EventRounds "9"]
[Source "lmi"]
[SourceDate "2008.09.15"]

1. c4 e5 2. Nc3 Nf6 3. g3 c6 4. Nf3 e4 5. Nd4 d5 6. cxd5 Qb6 7. Nb3 a5 8. d4
cxd5 9. Bg5 a4 10. Bxf6 axb3 11. Be5 bxa2 12. Qd2 Be6 13. Bxb8 Rxb8 14. e3 Bb4
15. Bb5+ Bd7 16. Bxd7+ Kxd7 17. O-O Bxc3 18. bxc3 Ra8 19. Rxa2 Ra6 20. Rb2 Qc6
21. Rfb1 Rb8 22. Rb5 Ke8 23. Qb2 b6 24. Qb3 Rd8 25. Rxb6 Rxb6 26. Qxb6 Qxc3 27.
h4 Qc4 28. Qa7 Qc6 29. Rb7 Qe6 30. Rb6 Qe7 31. Rb7 Qe6 32. Qc5 Qd6 33. Qa7 Qe6
1/2-1/2

[Event "Europa ch s-14"]
[Site "Herceg Novi MNT"]
[Date "2008.09.24"]
[Round "9.14"]
[White "Eranyan, Khachatur"]
[Black "Hager, Joshua Aarash"]
[Result "1-0"]
[WhiteElo "1963"]
[BlackElo "2128"]
[PlyCount "65"]
[EventDate "2008.09.15"]
[EventType "swiss"]
[EventRounds "9"]
[Source "lmi"]
[SourceDate "2008.09.15"]

1. d4 Nf6 2. c4 g6 3. Nc3 Bg7 4. e4 d6 5. f3 O-O 6. Nge2 Nbd7 7. Bg5 h6 8. Be3
c5 9. d5 a6 10. Qd2 Kh7 11. Nc1 Ne5 12. Be2 e6 13. a4 Re8 14. O-O b6 15. N1a2
Ra7 16. Rfd1 exd5 17. cxd5 Rae7 18. b4 Bb7 19. a5 cxb4 20. Nxb4 bxa5 21. Nxa6
Qc8 22. Rxa5 Nc4 23. Bxc4 Qxc4 24. Nb5 Bxa6 25. Nxd6 Qe2 26. Nxe8 Rxe8 27. Bd4
Qxd2 28. Rxd2 Bc8 29. e5 Nd7 30. f4 Bf8 31. Ra8 Nc5 32. Rc2 Nb3 33. Rcxc8 1-0

[Event "Europa ch s-14"]
[Site "Herceg Novi MNT"]
[Date "2008.09.24"]
[Round "9.15"]
[White "Srbis, Jurica"]
[Black "Van Der Lende, Ilias"]
[Result "0-1"]
[WhiteElo "2116"]
[BlackElo "1978"]
[PlyCount "94"]
[EventDate "2008.09.15"]
[EventType "swiss"]
[EventRounds "9"]
[Source "lmi"]
[SourceDate "2008.09.15"]

1. e4 e6 2. Qe2 c5 3. g3 Nc6 4. c3 g6 5. Bg2 Bg7 6. Nf3 Nge7 7. O-O d5 8. e5
O-O 9. d3 Qc7 10. Bf4 Rb8 11. Nbd2 b5 12. h4 c4 13. d4 b4 14. Nh2 Qa5 15. Rfc1
Ba6 16. Ng4 bxc3 17. bxc3 Rb2 18. Qd1 Nf5 19. Nf1 Qa3 20. Nfe3 Nxe3 21. Bxe3
Bb5 22. h5 f5 23. exf6 Bxf6 24. hxg6 hxg6 25. Nxf6+ Rxf6 26. Qg4 Qd6 27. Rab1
Rxb1 28. Rxb1 a6 29. Bg5 Rf5 30. Qh4 Rf7 31. Re1 e5 32. dxe5 Nxe5 33. Bf4 Re7
34. Re3 Re8 35. Qg5 Nf7 36. Bxd5 Kg7 37. Bxf7 Qd1+ 38. Kh2 Rh8+ 39. Qh4 Rxh4+
40. gxh4 Kxf7 41. Bg5 Bc6 42. Kg3 Qg1+ 43. Kf4 Qxf2+ 44. Ke5 Qf5+ 45. Kd6 Qd5+
46. Kc7 Be8 47. Re7+ Kf8 0-1

[Event "Europa ch s-14"]
[Site "Herceg Novi MNT"]
[Date "2008.09.24"]
[Round "9.17"]
[White "Vasilov, Artur"]
[Black "Skoulakis, Charalambos"]
[Result "1-0"]
[WhiteElo "2187"]
[BlackElo "2050"]
[PlyCount "71"]
[EventDate "2008.09.15"]
[EventType "swiss"]
[EventRounds "9"]
[Source "lmi"]
[SourceDate "2008.09.15"]

1. d4 d5 2. c4 c6 3. Nf3 Nf6 4. Nc3 dxc4 5. a4 Bf5 6. e3 e6 7. Bxc4 Bb4 8. O-O
O-O 9. Na2 Bd6 10. b4 Nbd7 11. Bb2 Qe7 12. Ne5 Nd5 13. Nxd7 Qxd7 14. b5 cxb5
15. Bxb5 Qe7 16. Re1 Qg5 17. Bf1 Nf6 18. g3 Ng4 19. e4 Bg6 20. Bc1 Qh5 21. h3
Nh6 22. Qxh5 Bxh5 23. g4 Nxg4 24. hxg4 Bxg4 25. Bg2 Rfd8 26. Be3 f6 27. Rab1
Rab8 28. Nc3 a6 29. d5 Kf7 30. f3 Bh5 31. dxe6+ Kxe6 32. Rb6 Be8 33. e5 fxe5
34. Bg5 Rd7 35. Bh3+ Kf7 36. Ne4 1-0

[Event "Europa ch s-14"]
[Site "Herceg Novi MNT"]
[Date "2008.09.24"]
[Round "9.18"]
[White "Dimitrijevic, Radmilo"]
[Black "Grib, Roman"]
[Result "1-0"]
[WhiteElo "2186"]
[BlackElo "2033"]
[PlyCount "34"]
[EventDate "2008.09.15"]
[EventType "swiss"]
[EventRounds "9"]
[Source "lmi"]
[SourceDate "2008.09.15"]

1. e4 c5 2. Nc3 Nc6 3. g3 g6 4. Bg2 Bg7 5. f4 d6 6. Nf3 e6 7. O-O Nge7 8. d3
O-O 9. Be3 Nd4 10. e5 Nef5 11. Bf2 Nxf3+ 12. Qxf3 Nd4 13. Qd1 dxe5 14. fxe5
Bxe5 15. Ne4 f5 16. Nxc5 Qc7 17. b4 Rb8 1-0